LDR 00647naa#a2200193#i#450# 001 EN\\bibl\117949 005 20260503113149.7 011 ## _a2500-4026 100 ## _a20251230b2025####ek#y0engy0150####ca 101 0# _aRUS 102 ## _aRU 200 1# _aSYSTEM-FORMING FACTOR OF AUTOMATION OF MANAGEMENT PROCESSES IN ORGANIZATIONAL SYSTEMS _eJournal article 210 1# _aZheleznogorsk _cFSBEE HE Siberian Fire and Rescue Academy EMERCOM of Russia _d2025 215 ## _a10 с. 608 ## _aJournal article _2local 675 ## _aНадёжность и точность. 004.052 _zRUS 700 #1 _aGrachev _gM I 700 #1 _aBurlov _gV G 856 4# _aapbt-sibpsa.editorum.ru _u